000 00491nam a2200181Ia 4500
008 240925s9999 xx 000 0 und d
020 _a131315099
082 _a005.133 PLA
100 _aPlauger ,P. J.
245 4 _aThe Standard C Library
250 _aNA
260 _aNew Jersey:
_bPrintice- Hall Int.
_c,1992.
300 _axiv,498p.
_bNA
_fOriginal
500 _aIncludes Index
600 _aComputer Science
650 _aComputer science, information & general works
942 _cBK
999 _c5176
_d5176